000 00673nam a2200169 i 4500
001 161976
003 ES-MaACL
005 20240229062728.0
008 041025s1811 xxk |||| | fre d
040 _aCAM
_bspa
_cCAM
245 0 0 _aPertes des françois en Espagne et coup d'oeil sur les principaux evenemens de la Guerre dans la Peninsule jusqu'a la fin de mai 1811.
260 _aLondres :
_b[s.n.,
_c1811?] (
_fImprimerie de T. Harper le Jeune)
300 _a33 p. ;
_c21 cm.
651 4 _aEspaña-
_xHistoria-
_y1808-1814, Guerra de la Independencia
_98244
852 _aES-MaACL
_jFol-Laf-413
_z-- Sin enc.
_z-- Legado de Modesto de la Fuente
999 _c161976
_d161976